000 00601nam a2200229Ia 4500
003 OSt
005 20221007074839.0
006 a|||||r|||| 00| 0
007 ta
008 221006b |||||||| |||| 00| 0 eng d
024 _a10,510
037 _cTextual
040 _aFLL
_cFLL
_beng
041 _2eng
_aeng
082 _aNB281,5qN57, M4
100 _aKhera R.C. Au.
245 0 _aDelhi development act
260 _aNew Delhi
_bAllied book comp. India
_c1984
300 _a132p
_ccm.
942 _hNB281,5qN57, M4
_cTEXL
_2CC
999 _c1153898
_d1153898